00331nam a2200133 450000100060000010000400000610100080004610200070005420000480006121000520010921500160016167500080017780100120018544528 a20250603 pory50  apor aPT aAs minhas primeiras Aventuras Científicas a[S.l.]cPorto Editora Multimédiad[D.L. 2005] a1 CD-ROM PC a5+6 aPTgRPC